Spotrebiteľské správanie v kontexte zodpovednej a udržateľnej spotreby

Gespeichert in:
Bibliographische Detailangaben
1. Verfasser: Kissová, Jana, 1979-
Format: Buchkapitel
Sprache:Slowakisch
Tags: Tag hinzufügen
Keine Tags, Fügen Sie das erste Tag hinzu!

MARC

LEADER 00000naa$a2200000$$$4500
001 0281237
005 20240523122202.1
041 0 |a slo 
044 |a SK 
245 1 0 |a Spotrebiteľské správanie v kontexte zodpovednej a udržateľnej spotreby  |c Jana Kissová 
100 1 |a Kissová, Jana, 1979-